000 00628nam a2200229Ia 4500
008 160319s9999 xx 000 0 und d
020 _a971-08-5371-6
050 _aFIL BL 2130
050 _b.A68 1992
100 _aAquino, Gaudencio V.
245 _aPhilippine myths and legends /
245 _cGaudencio V. Aquino.
260 _aMandaluyong:
260 _bNational Books Store,
260 _c1992
300 _a255 pages :
300 _billustrations ;
300 _c22 cm.
650 _aMythology -- Philippines.
650 _aPhilippines -- Social life and customs.
650 _xFolklore -- Philippines.
999 _c291704
_d291704